000 00558nam a2200121Ia 4500
008 220620s9999||||xx |||||||||||||| ||und||
100 _avan der Zwaan, Bert
245 0 _aHigher Education in 2040. A Global Approach
546 _aEnglish[eng]
650 _aonderwijs||universiteit||science||university||education||wetenschap
856 _uhttps://library.oapen.org/bitstream/20.500.12657/31675/1/625978.pdf||https://library.oapen.org/bitstream/20.500.12657/31675/1/625978.pdf||https://library.oapen.org/bitstream/20.500.12657/31675/1/625978.pdf
942 _cEB
999 _c33333
_d33333